000 00295nam a22001337a 4500
008 170425b xxu||||| |||| 00| 0 eng d
020 _a9780028283784
041 _aeng
080 _a54
100 _a12
101 _aSHM
245 _aCHEMISTRY MATTER AND CHANGE
_cHILL.M
942 _2udc
_cBK
999 _c11984
_d11984